00875nam a2200193 a 450000100100000000500170001000800410002702000150006804000250008324500550010824600590016326000290022230000310025171000550028295201110033795201110044895201050055999900170066400004046920201002034142.0130826s2005 mx 000 0 spa d a9703223680 aDO-SdBNPbspacBNPHU00aXX años de derechos y universitarios en la UNAM.13aVeinte años de derechos y universitarios en la UNAM. aMéxico :bUNAM,c2005. a67 p. + 1 CD ROM ;c22 cm.2 aUniversidad Nacional Autónoma de México942447 001050718MOaGRbGRcCTd2013-08-26iLF1l0o p40469-10r2020-06-25te. 2w2020-06-25y1ZNo se presta 001050718MOaGRbGRcCTd2013-08-26iLF1l0o p40469-20r2020-06-25te. 3w2020-06-25y1ZNo se presta 001050718MOaGRbGRcCTd2013-08-26iLF1l0o p40469-30r2020-06-25w2020-06-25y1ZNo se presta c39959d39959